MARC

LEADER 00000nam0a2200000 4500
001 373690
005 20231102012605.0
035 |a (RuTPU)RU\TPU\retro\31120 
035 |a RU\TPU\book\270778 
090 |a 373690 
100 |a 20221216d1981 m y0rusy50 ca 
101 0 |a rus 
102 |a RU 
105 |a a j 001zy 
200 1 |a Основы оптической и магнитной спектрополяриметрии  |e учебное пособие  |f И. И. Ушаков  |g Ленинградский технологический институт им. Ленсовета (ЛТИ) 
210 |a Ленинград  |c Изд-во ЛТИ  |d 1981 
215 |a 96 с.  |c ил. 
320 |a Библиогр.: с. 92-95. 
606 1 |a Спектрометрия  |x (оптика)  |2 stltpush  |3 (RuTPU)RU\TPU\subj\55768  |9 73736 
610 1 |a электромагнитное излучение 
610 1 |a твердые вещества 
610 1 |a оптическая активность 
610 1 |a эффект Фарадея 
610 1 |a магнитное вращение 
610 1 |a дисперсия 
610 1 |a полупроводники 
610 1 |a металлы 
610 1 |a дихроизм 
610 1 |a учебные пособия 
675 |a 535.33(075.8)  |v 3 
700 1 |a Ушаков  |b И. И.  |g Иван Игнатьевич 
712 0 2 |a Ленинградский технологический институт им. Ленсовета (ЛТИ)  |2 stltpush  |3 (RuTPU)RU\TPU\col\1462 
801 1 |a RU  |b 63413507  |c 20140128 
801 2 |a RU  |b 63413507  |c 20221216  |g RCR 
942 |c BK